108 anh hùng Lương Sơn Bạc

সংরক্ষণ করুন:
গ্রন্থ-পঞ্জীর বিবরন
প্রধান লেখক: Lý Mộng Hà
বিন্যাস: গ্রন্থ
ভাষা:Undetermined
প্রকাশিত: Đồng Nai Tổng Hợp Đồng Nai 2002
বিষয়গুলি:
ট্যাগগুলো: ট্যাগ যুক্ত করুন
কোনো ট্যাগ নেই, প্রথমজন হিসাবে ট্যাগ করুন!
Thư viện lưu trữ: Trung tâm Học liệu Trường Đại học Cần Thơ
LEADER 00534nam a2200181Ia 4500
001 CTU_56682
008 210402s9999 xx 000 0 und d
020 |b 22000 
082 |a 895.13 
082 |b H100 
100 |a Lý Mộng Hà 
245 0 |a 108 anh hùng Lương Sơn Bạc 
245 0 |c Lý Mộng Hà 
260 |a Đồng Nai 
260 |b Tổng Hợp Đồng Nai 
260 |c 2002 
650 |a chinese literature,historical fiction, chinese 
980 |a Trung tâm Học liệu Trường Đại học Cần Thơ